| 000 | 00623nam a22001697a 4500 | ||
|---|---|---|---|
| 003 | NUST | ||
| 038 | _aNusrat Nadeem | ||
| 082 | _a200 | ||
| 100 |
_aRashid Muhammad Ibrahim _9124181 |
||
| 245 |
_aStudy of Pyocyanin induced virulence & pathogenicity of nosocomial infectious agent Pseudomonas aeruginosa and its prevention/ _cMuhammad Ibrahim Rashid |
||
| 264 |
_aIslamabad; _bASAB NUST; _c2019. |
||
| 300 |
_a187,p; _bill; _c30,cm. |
||
| 650 |
_aPhD-Industrial Biotechnology _9123908 |
||
| 700 |
_aSupervisor:Dr.Sadia Andleeb _9123909 |
||
| 856 | _u http://10.250.8.41:8080/xmlui/handle/123456789/25436 | ||
| 942 |
_2ddc _cSC |
||
| 999 |
_c610120 _d610120 |
||